000 00206 a2200097 4500
001 46358
100 _aLatorse, R
245 _aSexual Identity
260 _aChicago
_bNelson Hall
_c
090 _c29475
_d29475
942 _aNUST-CAE
_cM
_c21641
999 _c281431
_d281431